000 00679nam a2200241Ia 4500
003 OSt
005 20221007100339.0
006 a|||||r|||| 00| 0
007 ta
008 221006b |||||||| |||| 00| 0 eng d
024 _a4,265
037 _cTextual
040 _aLCO
_cLCO
_beng
041 _2eng
_aeng
082 _aZ,91, L9
100 _aSUMNER COLIN
_9245165
245 0 _aReading ideologies
_b investigation into the Marxist Theory of ideology and law
260 _aLondon
_bAcademic press
_c1979
300 _a313
650 _aMARXIST THEORY OF IDEOLOGY
_9701536
942 _hZ,91, L9
_cTEXL
999 _c1173828
_d1173828